-
INGLE-JADHAV, PRIYANKA AND JADHAV, MANOJ. KRSHISAGAR, NILIMA
Entry Personal Name
Number of records used in: 1
001 - CONTROL NUMBER
003 - CONTROL NUMBER IDENTIFIER
005 - DATE AND TIME OF LATEST TRANSACTION
- control field:
20200225164303.0
008 - FIXED-LENGTH DATA ELEMENTS
- fixed length control field:
200225|| aca||aabn | a|a d
040 ## - CATALOGING SOURCE
- Original cataloging agency:
OSt
- Transcribing agency:
OSt
100 ## - HEADING--PERSONAL NAME
- Personal name:
INGLE-JADHAV, PRIYANKA AND JADHAV, MANOJ. KRSHISAGAR, NILIMA
670 ## - SOURCE DATA FOUND
- Source citation:
Work cat.: (OSt): INGLE-JADHAV, PRIYANKA AND JADHAV, MANOJ. KRSHISAGAR, NILIMA, EMERGING TRENDS IN PHYTOPHARMACEUTICALS